{"text_format":"3","workbook":"xlsx","n_sheets":1,"sheets":["t578"],"read":"whole","date_system":"1900"}

{"sheet":"t578","index":0,"n_rows":201,"n_cols":7,"rows_kept":201,"merged":[[0,0,0,6],[30,0,30,5],[45,0,45,5],[138,0,138,5]]}
["TABELA 578.1 - Estatísticas Agrícolas, Município de Suzano, Estado de São Paulo, 2007/08."]
["ITEM","UNIDADE","N.DE UPAs","MÍNIMO","MÉDIO","MÁXIMO","TOTAL"]
["Distância à sede do município","km",460,0.5,{"v":10.44,"d":"10.4"},{"v":50,"d":"50.0"},"-"]
["Área total","hectare",460,0.1,{"v":10.62,"d":"10.6"},341.6,{"v":4884.8,"d":"4,884.8"}]
["Área com cultura perene","hectare",136,0.1,{"v":1.33,"d":"1.3"},{"v":13,"d":"13.0"},180.6]
["Área com cultura temporária","hectare",394,0.1,{"v":3.86,"d":"3.9"},{"v":36,"d":"36.0"},{"v":1522,"d":"1,522.0"}]
["Área com pastagem","hectare",23,{"v":1,"d":"1.0"},{"v":11.63,"d":"11.6"},{"v":100,"d":"100.0"},267.4]
["Área com reflorestamento","hectare",109,0.1,{"v":12.22,"d":"12.2"},{"v":300,"d":"300.0"},{"v":1332.3,"d":"1,332.3"}]
["Área com vegetação natural","hectare",230,0.1,{"v":3.69,"d":"3.7"},{"v":53,"d":"53.0"},849.2]
["Área com vegetação de brejo e várzea","hectare","-","-","-","-",{"v":0,"d":"0.0"}]
["Área em descanso","hectare",170,0.1,{"v":2.48,"d":"2.5"},30.9,421.2]
["Área complementar","hectare",382,0.1,{"v":0.82,"d":"0.8"},13.2,312.1]
["Área das UPAs com (0, 1] ha","hectare",20,0.1,{"v":0.67,"d":"0.7"},{"v":1,"d":"1.0"},13.4]
["Área das UPAs com (1, 2] ha","hectare",41,1.1,{"v":1.58,"d":"1.6"},{"v":2,"d":"2.0"},64.6]
["Área das UPAs com (2, 5] ha","hectare",169,2.2,{"v":3.38,"d":"3.4"},{"v":5,"d":"5.0"},571.9]
["Área das UPAs com (5, 10] ha","hectare",103,5.1,{"v":7.42,"d":"7.4"},{"v":10,"d":"10.0"},764.5]
["Área das UPAs com (10, 20] ha","hectare",75,10.1,{"v":14.23,"d":"14.2"},{"v":20,"d":"20.0"},{"v":1067.6,"d":"1,067.6"}]
["Área das UPAs com (20, 50] ha","hectare",43,20.5,{"v":30.72,"d":"30.7"},48.4,{"v":1320.8,"d":"1,320.8"}]
["Área das UPAs com (50, 100] ha","hectare",5,53.2,{"v":64.54,"d":"64.5"},73.6,322.7]
["Área das UPAs com (100, 200] ha","hectare",2,{"v":103,"d":"103.0"},{"v":106,"d":"106.0"},{"v":109,"d":"109.0"},{"v":212,"d":"212.0"}]
["Área das UPAs com (200, 500] ha","hectare",2,205.7,{"v":273.65,"d":"273.7"},341.6,547.3]
["Área das UPAs com (500, 1.000] ha","hectare","-","-","-","-","-"]
["Área das UPAs com (1.000, 2.000] ha","hectare","-","-","-","-","-"]
["Área das UPAs com (2.000, 5.000] ha","hectare","-","-","-","-","-"]
["Área das UPAs com (5.000, 10.000] ha","hectare","-","-","-","-","-"]
["Área das UPAs acima de 10.000 ha","hectare","-","-","-","-","-"]
["Familiares do proprietário que trabalham na UPA","unidade",295,{"v":1,"d":"1.0"},{"v":2.37,"d":"2.4"},{"v":8,"d":"8.0"},{"v":699,"d":"699.0"}]
["Trabalhadores permanentes","unidade",318,{"v":1,"d":"1.0"},{"v":3.57,"d":"3.6"},{"v":96,"d":"96.0"},{"v":1135,"d":"1,135.0"}]
["Fonte: Secretaria de Agricultura e Abastecimento, CDRS/IEA, Projeto LUPA."]
[]
["TABELA 578.2 - Explorações Animais, Município de Suzano, Estado de São Paulo, 2007/08."]
["ITEM","UNIDADE","N.DE UPAs","MÍNIMO","MÉDIO","MÁXIMO","TOTAL"]
["Apicultura","colmeias",2,{"v":20,"d":"20.0"},{"v":35,"d":"35.0"},{"v":50,"d":"50.0"},{"v":70,"d":"70.0"}]
["Avicultura de Corte","cabeças/ano",5,{"v":5000,"d":"5,000.0"},{"v":149000,"d":"149,000.0"},{"v":360000,"d":"360,000.0"},{"v":745000,"d":"745,000.0"}]
["Avicultura para Ovos","cabeças",11,{"v":15000,"d":"15,000.0"},{"v":56545.45,"d":"56,545.5"},{"v":200000,"d":"200,000.0"},{"v":622000,"d":"622,000.0"}]
["Bovinocultura de Corte","cabeças",4,{"v":2,"d":"2.0"},{"v":6.75,"d":"6.8"},{"v":10,"d":"10.0"},{"v":27,"d":"27.0"}]
["Bovinocultura Leiteira","cabeças",6,{"v":4,"d":"4.0"},{"v":7.17,"d":"7.2"},{"v":12,"d":"12.0"},{"v":43,"d":"43.0"}]
["Bovinocultura Mista","cabeças",3,{"v":5,"d":"5.0"},{"v":11,"d":"11.0"},{"v":21,"d":"21.0"},{"v":33,"d":"33.0"}]
["Codornicultura","cabeças",3,{"v":50000,"d":"50,000.0"},{"v":70000,"d":"70,000.0"},{"v":100000,"d":"100,000.0"},{"v":210000,"d":"210,000.0"}]
["Equinocultura","cabeças",5,{"v":2,"d":"2.0"},11.8,{"v":30,"d":"30.0"},{"v":59,"d":"59.0"}]
["Minhocultura","canteiros",1,{"v":37,"d":"37.0"},{"v":37,"d":"37.0"},{"v":37,"d":"37.0"},{"v":37,"d":"37.0"}]
["Piscicultura","m² tanques",2,{"v":30,"d":"30.0"},{"v":215,"d":"215.0"},{"v":400,"d":"400.0"},{"v":430,"d":"430.0"}]
["Suinocultura","cabeças",2,{"v":4,"d":"4.0"},{"v":502,"d":"502.0"},{"v":1000,"d":"1,000.0"},{"v":1004,"d":"1,004.0"}]
["Fonte: Secretaria de Agricultura e Abastecimento, CDRS/IEA, Projeto LUPA."]
[]
["TABELA 578.3 -  Máquinas, Implementos e Benfeitorias, Município de Suzano, Estado de São Paulo, 2007/08."]
["ITEM","UNIDADE","N.DE UPAs","MÍNIMO","MÉDIO","MÁXIMO","TOTAL"]
["Arado Comum (Bacia, Aiveca)","Unidade",37,{"v":1,"d":"1.0"},{"v":1.35,"d":"1.4"},{"v":13,"d":"13.0"},{"v":50,"d":"50.0"}]
["Arado Escarificador","Unidade",109,{"v":1,"d":"1.0"},{"v":1.13,"d":"1.1"},{"v":3,"d":"3.0"},{"v":123,"d":"123.0"}]
["Arado Subsolador","Unidade",90,{"v":1,"d":"1.0"},{"v":1.02,"d":"1.0"},{"v":2,"d":"2.0"},{"v":92,"d":"92.0"}]
["Câmara Fria","Unidade",5,{"v":1,"d":"1.0"},1.2,{"v":2,"d":"2.0"},{"v":6,"d":"6.0"}]
["Conj.Irrigação Convencional","Unidade",357,{"v":1,"d":"1.0"},{"v":1.17,"d":"1.2"},{"v":8,"d":"8.0"},{"v":416,"d":"416.0"}]
["Conj.Irrigação Pivot Central","Unidade",1,{"v":1,"d":"1.0"},{"v":1,"d":"1.0"},{"v":1,"d":"1.0"},{"v":1,"d":"1.0"}]
["Conj.Irrigação/Gotejamento/Microaspersão","Unidade",9,{"v":1,"d":"1.0"},{"v":1.11,"d":"1.1"},{"v":2,"d":"2.0"},{"v":10,"d":"10.0"}]
["Desintegrador, Picador, Triturador","Unidade",22,{"v":1,"d":"1.0"},{"v":1.14,"d":"1.1"},{"v":3,"d":"3.0"},{"v":25,"d":"25.0"}]
["Distribuidor de Calcário","Unidade",6,{"v":1,"d":"1.0"},{"v":1.17,"d":"1.2"},{"v":2,"d":"2.0"},{"v":7,"d":"7.0"}]
["Grade Aradora (Tipo Romi)","Unidade",8,{"v":1,"d":"1.0"},{"v":1,"d":"1.0"},{"v":1,"d":"1.0"},{"v":8,"d":"8.0"}]
["Grade Niveladora","Unidade",2,{"v":1,"d":"1.0"},{"v":1,"d":"1.0"},{"v":1,"d":"1.0"},{"v":2,"d":"2.0"}]
["Microtrator","Unidade",287,{"v":1,"d":"1.0"},{"v":1.38,"d":"1.4"},{"v":6,"d":"6.0"},{"v":395,"d":"395.0"}]
["Misturador de Ração","Unidade",10,{"v":1,"d":"1.0"},1.2,{"v":3,"d":"3.0"},{"v":12,"d":"12.0"}]
["Pulverizador Tratorizado","Unidade",31,{"v":1,"d":"1.0"},{"v":1.16,"d":"1.2"},{"v":3,"d":"3.0"},{"v":36,"d":"36.0"}]
["Semeadeira/Adubadeira para Plantio Convencional","Unidade",2,{"v":1,"d":"1.0"},{"v":1,"d":"1.0"},{"v":1,"d":"1.0"},{"v":2,"d":"2.0"}]
["Semeadeira/Plantadeira Plantio Direto","Unidade",3,{"v":1,"d":"1.0"},{"v":1,"d":"1.0"},{"v":1,"d":"1.0"},{"v":3,"d":"3.0"}]
["Terraceador","Unidade",2,{"v":1,"d":"1.0"},{"v":1,"d":"1.0"},{"v":1,"d":"1.0"},{"v":2,"d":"2.0"}]
["Trator de Esteiras","Unidade",1,{"v":1,"d":"1.0"},{"v":1,"d":"1.0"},{"v":1,"d":"1.0"},{"v":1,"d":"1.0"}]
["Trator de Pneus","Unidade",195,{"v":1,"d":"1.0"},{"v":1.49,"d":"1.5"},{"v":8,"d":"8.0"},{"v":290,"d":"290.0"}]
["Açude/Represa","Unidade",319,{"v":1,"d":"1.0"},{"v":1.28,"d":"1.3"},{"v":7,"d":"7.0"},{"v":409,"d":"409.0"}]
["Almoxarifado/Oficina","Unidade",19,{"v":1,"d":"1.0"},{"v":1.11,"d":"1.1"},{"v":2,"d":"2.0"},{"v":21,"d":"21.0"}]
["Armazém para Grãos Ensacados","Sacas",1,{"v":1,"d":"1.0"},{"v":1,"d":"1.0"},{"v":1,"d":"1.0"},{"v":1,"d":"1.0"}]
["Balança para Veículos","Unidade",4,{"v":1,"d":"1.0"},{"v":1.25,"d":"1.3"},{"v":2,"d":"2.0"},{"v":5,"d":"5.0"}]
["Barracão para Cultivo de Cogumelo","Unidade",9,{"v":1,"d":"1.0"},{"v":15.33,"d":"15.3"},{"v":43,"d":"43.0"},{"v":138,"d":"138.0"}]
["Barracão para Granja/Avicultura","Unidade",22,{"v":1,"d":"1.0"},{"v":15.86,"d":"15.9"},{"v":53,"d":"53.0"},{"v":349,"d":"349.0"}]
["Barracão/Galpão/Garagem","Unidade",400,{"v":1,"d":"1.0"},1.9,{"v":8,"d":"8.0"},{"v":761,"d":"761.0"}]
["Biodigestor","Unidade",1,{"v":1,"d":"1.0"},{"v":1,"d":"1.0"},{"v":1,"d":"1.0"},{"v":1,"d":"1.0"}]
["Casa de Moradia Habitada","Unidade",428,{"v":1,"d":"1.0"},2.4,{"v":15,"d":"15.0"},{"v":1027,"d":"1,027.0"}]
["Casa de Moradia Total","Unidade",429,{"v":1,"d":"1.0"},{"v":2.55,"d":"2.6"},{"v":15,"d":"15.0"},{"v":1095,"d":"1,095.0"}]
["Curral/Mangueira","Unidade",9,{"v":1,"d":"1.0"},{"v":1.44,"d":"1.4"},{"v":3,"d":"3.0"},{"v":13,"d":"13.0"}]
["Depósito/Tulha","Unidade",5,{"v":1,"d":"1.0"},1.8,{"v":3,"d":"3.0"},{"v":9,"d":"9.0"}]
["Estábulo","Unidade",4,{"v":1,"d":"1.0"},{"v":1,"d":"1.0"},{"v":1,"d":"1.0"},{"v":4,"d":"4.0"}]
["Estufa/Plasticultura","m²",118,{"v":2,"d":"2.0"},{"v":1518.38,"d":"1,518.4"},{"v":50000,"d":"50,000.0"},{"v":179169,"d":"179,169.0"}]
["Fábrica de Ração","Unidade",10,{"v":1,"d":"1.0"},{"v":1,"d":"1.0"},{"v":1,"d":"1.0"},{"v":10,"d":"10.0"}]
["Instalações para Equinos","Unidade",3,{"v":1,"d":"1.0"},{"v":4,"d":"4.0"},{"v":10,"d":"10.0"},{"v":12,"d":"12.0"}]
["Olaria","Unidade",1,{"v":1,"d":"1.0"},{"v":1,"d":"1.0"},{"v":1,"d":"1.0"},{"v":1,"d":"1.0"}]
["Pocilga","Unidade",4,{"v":1,"d":"1.0"},{"v":3.25,"d":"3.3"},{"v":6,"d":"6.0"},{"v":13,"d":"13.0"}]
["Poço Semi-Artesiano","Unidade",340,{"v":1,"d":"1.0"},{"v":1.71,"d":"1.7"},{"v":5,"d":"5.0"},{"v":582,"d":"582.0"}]
["Posto Meteorológico","Unidade",1,{"v":1,"d":"1.0"},{"v":1,"d":"1.0"},{"v":1,"d":"1.0"},{"v":1,"d":"1.0"}]
["Silo para Grãos","t",4,{"v":90,"d":"90.0"},{"v":1557.5,"d":"1,557.5"},{"v":4100,"d":"4,100.0"},{"v":6230,"d":"6,230.0"}]
["Fonte: Secretaria de Agricultura e Abastecimento, CDRS/IEA, Projeto LUPA."]
[]
["TABELA 578.4 - Outras Estatísticas Agrícolas, Município de Suzano, Estado de São Paulo, 2007/08."]
["ITEM","Número de UPAs",null,"Percentual"]
["Faz Parte de Associação de Produtores",108,null,{"v":23.47826086956522,"d":"23.5"}]
["Faz Parte de Cooperativa de Produtores",19,null,{"v":4.130434782608696,"d":"4.1"}]
["Faz Parte do Sindicato de Produtores",244,null,{"v":53.04347826086956,"d":"53.0"}]
["Não utiliza assistência técnica ",62,null,{"v":13.478260869565217,"d":"13.5"}]
["Utiliza somente assistência técnica governamental ",339,null,{"v":73.69565217391305,"d":"73.7"}]
["Utiliza somente assistência técnica privada ",8,null,{"v":1.7391304347826086,"d":"1.7"}]
["Utiliza assistência técnica tanto governamental quanto privada",51,null,{"v":11.08695652173913,"d":"11.1"}]
["Utiliza Crédito Rural",19,null,{"v":4.130434782608696,"d":"4.1"}]
["Utiliza Seguro Rural","-",null,"-"]
["Utiliza Escrituração Agrícola",113,null,{"v":24.56521739130435,"d":"24.6"}]
["Acessa Internet p/ Fins na Agropecuária","-",null,"-"]
["Utiliza Computador nas Atividades Agropecuárias",35,null,{"v":7.608695652173913,"d":"7.6"}]
["Utiliza Energia Elétrica Para Uso na Atividade Agrícola",412,null,{"v":89.56521739130434,"d":"89.6"}]
["Realiza Análise de Solo, quando necessário","-",null,"-"]
["Utiliza Práticas de Conservação de Solo, quando necessário",423,null,{"v":91.95652173913044,"d":"92.0"}]
["Faz Adubação Mineral, quando necessário",294,null,{"v":63.91304347826087,"d":"63.9"}]
["Faz Adubação Orgânica, quando necessário",289,null,{"v":62.826086956521735,"d":"62.8"}]
["Faz Adubação Verde, quando necessário",31,null,{"v":6.739130434782608,"d":"6.7"}]
["Utiliza Manejo Integrado de Pragas (MIP)","-",null,"-"]
["Utiliza Hidroponia",10,null,{"v":2.1739130434782608,"d":"2.2"}]
["Utiliza Plasticultura",131,null,{"v":28.478260869565215,"d":"28.5"}]
["Utiliza Mudas Fiscalizadas",34,null,{"v":7.391304347826088,"d":"7.4"}]
["Utiliza Semente Melhorada",364,null,{"v":79.13043478260869,"d":"79.1"}]
["Faz Confinamento de Bovinos","-",null,"-"]
["Utiliza Pastejo Intensivo","-",null,"-"]
["Faz Inseminação Artificial","-",null,"-"]
["Faz Mineralização do Rebanho",8,null,{"v":1.7391304347826086,"d":"1.7"}]
["Faz Vermifugação do Rebanho",8,null,{"v":1.7391304347826086,"d":"1.7"}]
["Possui Parceiros /Arrendatários na Exploração Animal",170,null,{"v":36.95652173913044,"d":"37.0"}]
["Esporte e lazer",1,null,{"v":0.2173913043478261,"d":"0.2"}]
["Extração mineral","-",null,"-"]
["Hotel Fazenda, Pousada ou SPA","-",null,"-"]
["Pesque-pague",8,null,{"v":1.7391304347826086,"d":"1.7"}]
["Restaurante ou Lanchonete","-",null,"-"]
["Transformação artesanal","-",null,"-"]
["Turismo rural ou ecoturismo","-",null,"-"]
["Outras atividades econômicas rurais","-",null,"-"]
["Agroindústria","-",null,"-"]
["Proprietário sem instrução ou com instrução incompleta",19,null,{"v":4.130434782608696,"d":"4.1"}]
["Proprietário com antigo primário completo",251,null,{"v":54.565217391304344,"d":"54.6"}]
["Proprietário com 1° grau (ou antigo ginasial) completo",68,null,{"v":14.782608695652174,"d":"14.8"}]
["Proprietário com 2° grau (ou antigo colegial) completo",66,null,{"v":14.347826086956522,"d":"14.3"}]
["Proprietário com curso superior completo ",56,null,{"v":12.17391304347826,"d":"12.2"}]
["Pessoa Jurídica","-",null,"-"]
["Proprietário residente na própria UPA ",303,null,{"v":65.8695652173913,"d":"65.9"}]
["Fonte: Secretaria de Agricultura e Abastecimento, CDRS/IEA, Projeto LUPA."]
[]
["TABELA 578.5 - Área Cultivada, Município de Suzano, Estado de São Paulo, 2007/08."]
["CULTURA","N.DE UPAs","MÍNIMO","MÉDIO","MÁXIMO","TOTAL"]
["Eucalipto",101,0.1,{"v":12.79,"d":"12.8"},{"v":300,"d":"300.0"},{"v":1291.6,"d":"1,291.6"}]
["Alface",216,0.1,{"v":4.93,"d":"4.9"},{"v":40,"d":"40.0"},{"v":1064.9,"d":"1,064.9"}]
["Outras olericolas",260,0.1,{"v":2.34,"d":"2.3"},16.5,607.7]
["Braquiaria",20,1.2,{"v":12.91,"d":"12.9"},{"v":100,"d":"100.0"},258.2]
["Couve (ou couve-crespa)",153,0.2,{"v":1.58,"d":"1.6"},{"v":21,"d":"21.0"},242.1]
["Brocolos (ou brocolis)",142,0.1,{"v":1.36,"d":"1.4"},{"v":10,"d":"10.0"},193.7]
["Repolho",82,0.1,{"v":1.66,"d":"1.7"},{"v":10,"d":"10.0"},136.3]
["Beterraba",117,0.1,{"v":1.12,"d":"1.1"},{"v":8,"d":"8.0"},131.6]
["Ervas medicinais e aromaticas",105,0.1,{"v":1.12,"d":"1.1"},{"v":5,"d":"5.0"},118.1]
["Cenoura",85,0.1,{"v":1.22,"d":"1.2"},{"v":8,"d":"8.0"},103.8]
["Cebolinha",100,0.1,{"v":0.97,"d":"1.0"},{"v":5,"d":"5.0"},97.3]
["Couve-flor",37,0.3,{"v":2.49,"d":"2.5"},{"v":17,"d":"17.0"},92.3]
["Viveiro de flores e ornamentais",28,0.2,{"v":3.24,"d":"3.2"},{"v":20,"d":"20.0"},90.8]
["Milho",27,0.2,{"v":3.26,"d":"3.3"},{"v":14,"d":"14.0"},{"v":88,"d":"88.0"}]
["Acelga",46,0.2,{"v":1.46,"d":"1.5"},{"v":8,"d":"8.0"},67.2]
["Batata-inglesa (ou batata, ou batatinha)",6,{"v":1,"d":"1.0"},{"v":7.25,"d":"7.3"},15.5,43.5]
["Pimentao",18,0.1,{"v":2.17,"d":"2.2"},{"v":14,"d":"14.0"},39.1]
["Pinus",9,0.5,{"v":4.13,"d":"4.1"},{"v":10,"d":"10.0"},37.2]
["Cogumelo",22,0.3,{"v":1.59,"d":"1.6"},7.5,{"v":35,"d":"35.0"}]
["Chicoria (ou chicoria-de-folha-crespa)",17,0.5,{"v":1.71,"d":"1.7"},{"v":3,"d":"3.0"},{"v":29,"d":"29.0"}]
["Floricultura para corte",11,0.2,{"v":2.59,"d":"2.6"},{"v":6,"d":"6.0"},28.5]
["Caqui",10,0.2,{"v":2.84,"d":"2.8"},{"v":13,"d":"13.0"},28.4]
["Tomate envarado",8,0.1,{"v":3.54,"d":"3.5"},{"v":20,"d":"20.0"},28.3]
["Abobora (ou jerimum)",10,0.2,2.1,10.2,{"v":21,"d":"21.0"}]
["Morango",15,0.2,{"v":1.33,"d":"1.3"},{"v":5,"d":"5.0"},{"v":20,"d":"20.0"}]
["Espinafre (ou espinafre-europeu)",10,0.4,{"v":1.79,"d":"1.8"},{"v":5,"d":"5.0"},17.9]
["Mandioca",11,0.1,{"v":1.21,"d":"1.2"},{"v":5,"d":"5.0"},13.3]
["Chuchu",5,{"v":1,"d":"1.0"},{"v":2.38,"d":"2.4"},{"v":5,"d":"5.0"},11.9]
["Berinjela",4,{"v":2,"d":"2.0"},{"v":2.75,"d":"2.8"},{"v":5,"d":"5.0"},{"v":11,"d":"11.0"}]
["Noz-peca  (ou peca)",2,1.7,{"v":4.35,"d":"4.4"},{"v":7,"d":"7.0"},8.7]
["Cana-de-acucar",3,0.3,{"v":2.83,"d":"2.8"},7.2,8.5]
["Nespera (ou ameixa-amarela)",7,0.1,1.2,{"v":4,"d":"4.0"},8.4]
["Feijao",3,0.5,2.1,4.8,6.3]
["Pepino",4,0.1,1.4,{"v":2,"d":"2.0"},5.6]
["Jilo",5,0.1,{"v":1.12,"d":"1.1"},{"v":2,"d":"2.0"},5.6]
["Uva fina",4,0.5,{"v":1.25,"d":"1.3"},2.5,{"v":5,"d":"5.0"}]
["Outras gramineas para pastagem",2,{"v":1,"d":"1.0"},{"v":2.25,"d":"2.3"},3.5,4.5]
["Laranja",1,3.5,3.5,3.5,3.5]
["Tangerina",3,0.4,1.1,2.5,3.3]
["Pomar domestico",7,0.1,{"v":0.46,"d":"0.5"},{"v":1,"d":"1.0"},3.2]
["Capim-gordura",1,{"v":3,"d":"3.0"},{"v":3,"d":"3.0"},{"v":3,"d":"3.0"},{"v":3,"d":"3.0"}]
["Gengibre",1,{"v":3,"d":"3.0"},{"v":3,"d":"3.0"},{"v":3,"d":"3.0"},{"v":3,"d":"3.0"}]
["Kiri (ou quiri)",2,0.5,1.5,2.5,{"v":3,"d":"3.0"}]
["Pimenta",1,2.5,2.5,2.5,2.5]
["Ervilha",2,0.5,{"v":1.25,"d":"1.3"},{"v":2,"d":"2.0"},2.5]
["Capim-napier (ou capim-elefante)",1,1.5,1.5,1.5,1.5]
["Outras culturas temporárias",2,0.4,0.7,{"v":1,"d":"1.0"},1.4]
["Bambu",3,0.3,{"v":0.43,"d":"0.4"},0.5,1.3]
["Alho",1,{"v":1,"d":"1.0"},{"v":1,"d":"1.0"},{"v":1,"d":"1.0"},{"v":1,"d":"1.0"}]
["Aspargo",1,{"v":1,"d":"1.0"},{"v":1,"d":"1.0"},{"v":1,"d":"1.0"},{"v":1,"d":"1.0"}]
["Limao",1,{"v":1,"d":"1.0"},{"v":1,"d":"1.0"},{"v":1,"d":"1.0"},{"v":1,"d":"1.0"}]
["Quiabo",2,0.1,0.3,0.5,0.6]
["Outras florestais",1,0.5,0.5,0.5,0.5]
["Rami",1,0.5,0.5,0.5,0.5]
["Ameixa",1,0.4,0.4,0.4,0.4]
["Floricultura para vaso",1,0.3,0.3,0.3,0.3]
["Coloniao",1,0.2,0.2,0.2,0.2]
["Batata-doce",1,0.2,0.2,0.2,0.2]
["Feijao-vagem (ou vagem, ou feijao-verde)",1,0.1,0.1,0.1,0.1]
["Maracuja",1,0.1,0.1,0.1,0.1]
["Fonte: Secretaria de Agricultura e Abastecimento, CDRS/IEA, Projeto LUPA."]